[Event "Michigan Senior"]
[Site "Ann Arbor, MI"]
[Date "1999.06.19"]
[Round "2"]
[White "LaForge, Tom"]
[Black "Merte, Otto"]
[Result "1-0"]
[WhiteElo "1981"]
[BlackElo "1465"]
[PlyCount "43"]
[EventDate "1999.06.19"]

1. e4 e6 2. d4 d5 3. Nd2 Nf6 4. e5 Nfd7 5. f4 c5 6. c3 Nc6 7. Ngf3 cxd4 8. Nxd4
Bc5 9. N2f3 Qb6 10. Be2 O-O 11. O-O f6 12. Kh1 Bxd4 13. cxd4 fxe5 14. fxe5 Ne7
15. b3 Nf5 16. g4 Ne7 17. Ba3 Qd8 18. Qd2 Nb8 19. Rf2 Nbc6 20. Raf1 Bd7 21. Bd3
Qa5 22. Qxa5 1-0

[Event "Michigan Senior"]
[Site "Ann Arbor, MI"]
[Date "1999.06.19"]
[Round "1"]
[White "Kilburn, Gregory"]
[Black "Carr, Jay"]
[Result "0-1"]
[WhiteElo "1049"]
[BlackElo "1600"]
[PlyCount "80"]
[EventDate "1999.06.19"]

1. e4 c5 2. Nf3 Nf6 3. Nc3 d5 4. exd5 Nxd5 5. Nxd5 Qxd5 6. c4 Qd6 7. b3 Nc6 8.
Bb2 Bg4 9. Be2 O-O-O 10. O-O Bxf3 11. Bxf3 Qxd2 12. Qxd2 Rxd2 13. Bxc6 bxc6 14.
Ba3 e6 15. g3 Be7 16. Rfd1 Rhd8 17. Rxd2 Rxd2 18. Kg2 Bf6 19. Rb1 Bd4 20. Rf1
Rxa2 21. Bc1 Rc2 22. Bf4 e5 23. Bg5 f6 24. Bc1 Kd7 25. Kh3 Rxf2 26. Rd1 Ke6 27.
Rd2 Rxd2 28. Bxd2 Kf5 29. b4 cxb4 30. Bxb4 h5 31. Kh4 g6 32. h3 e4 33. g4+ hxg4
34. hxg4+ Ke6 35. g5 f5 36. Kg3 Be5+ 37. Kf2 Bf4 38. Bc5 a5 39. Be3 Bxe3+ 40.
Kxe3 a4 0-1

[Event "Michigan Senior"]
[Site "Ann Arbor, MI"]
[Date "1999.06.19"]
[Round "2"]
[White "Kahn, Doug"]
[Black "Moyle, Jim"]
[Result "1-0"]
[WhiteElo "1800"]
[BlackElo "1336"]
[PlyCount "89"]
[EventDate "1999.06.19"]

1. e4 e5 2. Nf3 Nc6 3. Bc4 Nf6 4. d4 exd4 5. O-O Bc5 6. e5 Ng4 7. Bg5 f6 8.
exf6 Nxf6 9. Re1+ Kf8 10. c3 h6 11. cxd4 Bb4 12. Bd2 d5 13. Bb5 Bxd2 14. Nbxd2
a6 15. Bxc6 bxc6 16. Qc2 Qd6 17. Rac1 Bd7 18. Ne5 Be8 19. Nxc6 Ng4 20. Qc5 Bxc6
21. Qxd6+ cxd6 22. Rxc6 Rb8 23. b3 Nf6 24. h3 g5 25. Rxd6 Kg7 26. Re7+ Kg6 27.
Ree6 Rhf8 28. Rxa6 Rbc8 29. Rec6 Rce8 30. Kf1 Re7 31. Re6 Ref7 32. Nf3 Kg7 33.
Ne5 Rc7 34. Rac6 Rxc6 35. Rxc6 Ne4 36. f3 Ng3+ 37. Ke1 Nf5 38. Rc7+ Kg8 39. Nc6
Re8+ 40. Kf2 Re3 41. g4 Rd3 42. gxf5 Rd2+ 43. Kg3 Rxa2 44. b4 Rc2 45. Ne7+ 1-0

[Event "Michigan Senior"]
[Site "Ann Arbor, MI"]
[Date "1999.06.19"]
[Round "2"]
[White "Jointer, William"]
[Black "Santiago, Reynaldo"]
[Result "0-1"]
[WhiteElo "1600"]
[BlackElo "2000"]
[PlyCount "100"]
[EventDate "1999.06.19"]

1. d4 g6 2. e4 c6 3. Nc3 d5 4. e5 h5 5. Bg5 Qb6 6. Na4 Qa5+ 7. c3 Bf5 8. b4 Qc7
9. Nf3 Nd7 10. Be2 e6 11. O-O Be7 12. Re1 h4 13. h3 Be4 14. Qd2 O-O-O 15. Bxe7
Nxe7 16. Ng5 Rdf8 17. b5 Qa5 18. bxc6 Nxc6 19. Nb2 Bf5 20. Qc1 Kb8 21. Rd1 f6
22. Nxe6 Bxe6 23. Bf3 fxe5 24. dxe5 Ndxe5 25. Be2 Qb6 26. Rf1 g5 27. Na4 Qa5
28. Qc2 g4 29. hxg4 Bxg4 30. f3 Bf5 31. Qb3 h3 32. g4 Rfg8 33. Nc5 Qxc5+ 34.
Kh2 Bxg4 35. Rab1 Bc8 36. Ba6 Rg2+ 37. Kh1 Na5 38. Qa4 Nec4 39. Qd1 Ne3 40. Qe1
Qd6 41. f4 Nxf1 42. Qxf1 Rhg8 43. Qf3 Qxa6 44. Qxd5 Qc6 45. c4 Qxd5 46. cxd5
Rxa2 47. Rd1 Rgg2 48. d6 Rh2+ 49. Kg1 Rag2+ 50. Kf1 Rh1# 0-1

[Event "Michigan Senior"]
[Site "Ann Arbor, MI"]
[Date "1999.06.19"]
[Round "1"]
[White "Jointer, William"]
[Black "Krzyston, Joe"]
[Result "1-0"]
[WhiteElo "1600"]
[BlackElo "867"]
[PlyCount "49"]
[EventDate "1999.06.19"]

1. e4 c5 2. Nf3 d6 3. d4 cxd4 4. Nxd4 Nc6 5. Bc4 Nf6 6. Nxc6 bxc6 7. e5 Qa5+ 8.
Nc3 Qxe5+ 9. Be3 e6 10. O-O d5 11. Bb3 Bd6 12. g3 O-O 13. Bf4 Qf5 14. Bxd6 Rd8
15. Be7 Rd7 16. Bxf6 Qxf6 17. Qh5 Ba6 18. Rfe1 Rad8 19. Na4 Bb5 20. Nc5 Rc7 21.
c3 Bc4 22. Bc2 d4 23. Qxh7+ Kf8 24. Ne4 d3 25. Nxf6 1-0

[Event "Michigan Senior"]
[Site "Ann Arbor, MI"]
[Date "1999.06.19"]
[Round "2"]
[White "Imai, Toshio"]
[Black "Kilburn, Gregory"]
[Result "1/2-1/2"]
[WhiteElo "1519"]
[BlackElo "1049"]
[PlyCount "53"]
[EventDate "1999.06.19"]

1. e4 e5 2. Bc4 Nf6 3. d4 Nc6 4. Nf3 h6 5. dxe5 Nxe4 6. Bxf7+ Kxf7 7. Qd5+ Ke8
8. Qxe4 Be7 9. Nc3 d6 10. Qg6+ Kf8 11. e6 Qe8 12. Qxe8+ Kxe8 13. Nd5 Kd8 14.
Nxe7 Nxe7 15. Nd4 a6 16. O-O c5 17. Nf3 Bxe6 18. Re1 Bd5 19. Bf4 Kd7 20. Nd2
Rae8 21. c4 Bc6 22. Rad1 Nf5 23. Nb3 Rxe1+ 24. Rxe1 b6 25. Rd1 Kc7 26. g4 g5
27. Bxg5 1/2-1/2

[Event "Michigan Junior Invitational"]
[Site "Ann Arbor, MI"]
[Date "1999.06.19"]
[Round "1.2"]
[White "Hartwig, Thomas"]
[Black "Brumley, Ron"]
[Result "0-1"]
[WhiteElo "2090"]
[BlackElo "1870"]
[PlyCount "68"]
[EventDate "1999.06.19"]

1. e4 d6 2. d4 Nf6 3. Nc3 g6 4. Nf3 Bg7 5. Be2 O-O 6. O-O c5 7. h3 cxd4 8. Nxd4
Nc6 9. Nb3 b6 10. f4 Bb7 11. Be3 e5 12. f5 Ne7 13. fxg6 hxg6 14. Bf3 d5 15. Bg5
d4 16. Bxf6 Bxf6 17. Nd5 Nxd5 18. exd5 Bg7 19. c4 Rc8 20. Rc1 b5 21. cxb5 Rxc1
22. Qxc1 Bxd5 23. Bxd5 Qxd5 24. Qc5 Qxc5 25. Nxc5 f5 26. a4 Rc8 27. b4 e4 28.
a5 d3 29. b6 axb6 30. axb6 Bd4+ 31. Kh1 Bxc5 32. bxc5 Rxc5 33. Rb1 d2 34. Kh2
Rc1 0-1

[Event "Michigan Junior Invitational"]
[Site "Ann Arbor, MI"]
[Date "1999.06.19"]
[Round "2.2"]
[White "Hartwig, Thomas"]
[Black "Berry, DeMarcus"]
[Result "1-0"]
[WhiteElo "2090"]
[BlackElo "1423"]
[PlyCount "117"]
[EventDate "1999.06.19"]

1. e4 Nf6 2. e5 Nd5 3. d4 d6 4. Nf3 Bg4 5. Be2 c6 6. exd6 exd6 7. O-O Nd7 8. c4
N5b6 9. Nc3 Bxf3 10. Bxf3 Be7 11. b3 O-O 12. Bf4 Re8 13. d5 c5 14. Ne4 Nf6 15.
Ng3 Qc7 16. Qd3 Rad8 17. Nf5 Nbd7 18. g4 Ne5 19. Bxe5 dxe5 20. h3 Bf8 21. Rae1
g6 22. Ng3 Bh6 23. h4 Bf4 24. Kg2 Bxg3 25. fxg3 e4 26. Bxe4 Nxg4 27. Qf3 f5 28.
Bb1 Qg7 29. Re2 Rxe2+ 30. Qxe2 Qd4 31. Rf4 Qe5 32. Qxe5 Nxe5 33. Rf1 Kg7 34.
Re1 Kf6 35. h5 a6 36. Rh1 b5 37. hxg6 hxg6 38. cxb5 axb5 39. Rd1 Ng4 40. Kf3
Ke5 41. Re1+ Kd6 42. Kf4 Rd7 43. Re6+ Kxd5 44. Rxg6 Ne5 45. Rg5 Rf7 46. Rxf5
Rxf5+ 47. Kxf5 c4 48. bxc4+ bxc4 49. g4 Kd4 50. g5 c3 51. g6 Nxg6 52. Kxg6 Kc4
53. Bc2 Kb4 54. a4 Ka5 55. Kf5 Kb4 56. Ke4 Kc5 57. Kd3 Kb4 58. Kd4 Ka5 59. Kxc3
1-0

[Event "Michigan Senior"]
[Site "Ann Arbor, MI"]
[Date "1999.06.19"]
[Round "4"]
[White "Griffin, John"]
[Black "LaForge, Tom"]
[Result "0-1"]
[WhiteElo "1500"]
[BlackElo "1981"]
[PlyCount "74"]
[EventDate "1999.06.19"]

1. d4 e6 2. c4 Bb4+ 3. Bd2 Qe7 4. Nc3 Nf6 5. e3 O-O 6. Nge2 d5 7. cxd5 exd5 8.
a3 Bxc3 9. Nxc3 c5 10. dxc5 d4 11. Nb5 Nc6 12. Be2 Rd8 13. exd4 Nxd4 14. Nxd4
Rxd4 15. Qc2 Re4 16. Be3 Bg4 17. Bf3 Bxf3 18. gxf3 Rxe3+ 19. fxe3 Qxe3+ 20. Qe2
Qxc5 21. Kf1 Re8 22. Qf2 Qb5+ 23. Kg2 Re2 24. Rhf1 Qxb2 25. Rab1 Rxf2+ 26. Rxf2
Qxb1 27. Rd2 g5 28. Rd8+ Kg7 29. Ra8 Qb2+ 30. Kg3 Qxa3 31. h4 g4 32. h5 Qxf3+
33. Kh4 g3 34. h6+ Kxh6 35. Kh3 g2+ 36. Kh2 Ng4+ 37. Kg1 Qf1# 0-1

[Event "Michigan Senior"]
[Site "Ann Arbor, MI"]
[Date "1999.06.19"]
[Round "2"]
[White "Everett, Morgan"]
[Black "Brown, Ralph"]
[Result "1-0"]
[WhiteElo "2134"]
[BlackElo "1615"]
[PlyCount "33"]
[EventDate "1999.06.19"]

1. e4 e5 2. Nf3 Nc6 3. d4 exd4 4. Nxd4 Nxd4 5. Qxd4 Qe7 6. Nc3 c6 7. Be2 Qc5 8.
Qd3 g6 9. O-O Bg7 10. Bf4 Bxc3 11. bxc3 d5 12. exd5 Qxd5 13. Qe3+ Qe6 14. Qd4
f6 15. Bc4 Qd7 16. Rfe1+ Kf8 17. Bh6+ 1-0

[Event "Michigan Senior"]
[Site "Ann Arbor, MI"]
[Date "1999.06.19"]
[Round "2"]
[White "Dolin, Jack"]
[Black "Vandivier, Don"]
[Result "0-1"]
[WhiteElo "1291"]
[BlackElo "1927"]
[PlyCount "74"]
[EventDate "1999.06.19"]

1. d4 Nf6 2. c4 e5 3. dxe5 Ng4 4. Nf3 Nc6 5. Bf4 Bb4+ 6. Nc3 Bxc3+ 7. bxc3 Qe7
8. Qd5 Qa3 9. Qd2 Qa5 10. e4 Ngxe5 11. Be2 Nxf3+ 12. gxf3 d6 13. Rg1 Ne7 14.
Rxg7 Ng6 15. Bg5 h6 16. Bf6 Rf8 17. f4 Qb6 18. Bh5 d5 19. e5 Ne7 20. Bxe7 Kxe7
21. cxd5 Bf5 22. Bg4 Rg8 23. Rxg8 Rxg8 24. f3 Bxg4 25. d6+ Kd7 26. dxc7+ Kc8
27. fxg4 Qg1+ 28. Ke2 Qxa1 29. f5 Qg1 30. Qd6 Qxg4+ 31. Kd2 Qf4+ 32. Kc2 Qxf5+
33. Kb3 Qe6+ 34. c4 Qxd6 35. exd6 b6 36. Kb4 Kd7 37. Kb5 Kxd6 0-1

[Event "Michigan Senior"]
[Site "Ann Arbor, MI"]
[Date "1999.06.19"]
[Round "1"]
[White "Crysler, Jerry"]
[Black "Kahn, Doug"]
[Result "0-1"]
[WhiteElo "1343"]
[BlackElo "1800"]
[PlyCount "74"]
[EventDate "1999.06.19"]

1. g3 Nf6 2. Bg2 g6 3. c4 Bg7 4. d3 O-O 5. Nf3 d6 6. O-O c6 7. Nc3 Nbd7 8. Rb1
Ne8 9. Bd2 Rb8 10. Ng5 h6 11. Nh3 Nc7 12. f4 Nf6 13. Nf2 d5 14. b3 Ng4 15. e3
Bxc3 16. Nxg4 Bxd2 17. Nxh6+ Kh7 18. Qxd2 Kxh6 19. e4 f5 20. e5 Be6 21. c5 d4
22. a4 Nd5 23. g4 Ne3 24. g5+ Kg7 25. Rfe1 Bd5 26. Rxe3 dxe3 27. Qxe3 Bxg2 28.
Kxg2 Qd5+ 29. Kf2 Rbd8 30. Qh3 Rh8 31. Qg2 Qxc5+ 32. Kf1 Qe3 33. Re1 Qxf4+ 34.
Kg1 Rh5 35. Rf1 Qxg5 36. Rd1 Qe3+ 37. Kh1 Rdh8 0-1

[Event "Michigan Senior"]
[Site "Ann Arbor, MI"]
[Date "1999.06.19"]
[Round "1"]
[White "Chobanyan, Sergei"]
[Black "Moore, Robert"]
[Result "1-0"]
[WhiteElo "2288"]
[BlackElo "1600"]
[PlyCount "47"]
[EventDate "1999.06.19"]

1. e4 c5 2. Nc3 d6 3. g3 Nf6 4. Bg2 e6 5. Nge2 Be7 6. O-O O-O 7. d4 cxd4 8.
Nxd4 a6 9. Be3 Qc7 10. f4 Nc6 11. Nb3 Rb8 12. a4 Na5 13. Nxa5 Qxa5 14. Qd2 Rd8
15. Nd5 Qxd2 16. Nxe7+ Kf8 17. Bxd2 Kxe7 18. Bb4 Ke8 19. c4 b6 20. Rad1 Ke7 21.
e5 Ne8 22. exd6+ Nxd6 23. Rxd6 Rxd6 24. Rd1 1-0

[Event "Michigan Senior"]
[Site "Ann Arbor, MI"]
[Date "1999.06.19"]
[Round "2"]
[White "Carr, Jay"]
[Black "Chobanyan, Sergei"]
[Result "0-1"]
[WhiteElo "1600"]
[BlackElo "2288"]
[PlyCount "52"]
[EventDate "1999.06.19"]

1. c4 e5 2. Nc3 Nc6 3. g3 g6 4. Bg2 Bg7 5. e3 d6 6. Nge2 Be6 7. b3 Qd7 8. d4
Bh3 9. O-O h5 10. dxe5 Bxg2 11. Kxg2 h4 12. Rh1 h3+ 13. Kf1 Nxe5 14. Rb1 Nf6
15. Nf4 c6 16. Bb2 O-O-O 17. f3 g5 18. Nd3 Qf5 19. Nxe5 dxe5 20. Qe2 g4 21. f4
exf4 22. gxf4 Rh4 23. Rg1 Rd3 24. Nd1 Rxe3 25. Nxe3 Qxb1+ 26. Kf2 Ne4# 0-1

[Event "Michigan Junior Invitational"]
[Site "Ann Arbor, MI"]
[Date "1999.06.19"]
[Round "2.3"]
[White "Carl, Kevin"]
[Black "Vasos, Brandon"]
[Result "1-0"]
[WhiteElo "1936"]
[BlackElo "1044"]
[PlyCount "41"]
[EventDate "1999.06.19"]

1. e4 e5 2. Nf3 Nc6 3. Bb5 Nge7 4. c3 a6 5. Ba4 d6 6. d4 exd4 7. cxd4 Bd7 8.
O-O d5 9. Nc3 dxe4 10. Nxe4 Nd5 11. Re1 Be7 12. Bb3 Be6 13. Neg5 Bg4 14. Nxf7
Kxf7 15. Ng5+ Bxg5 16. Qxg4 Bxc1 17. Qe6+ Kf8 18. Bxd5 Qf6 19. Qxf6+ gxf6 20.
Raxc1 Nxd4 21. Rxc7 1-0

[Event "Michigan Junior Invitational"]
[Site "Ann Arbor, MI"]
[Date "1999.06.19"]
[Round "3.3"]
[White "Brumley, Ron"]
[Black "Carl, Kevin"]
[Result "1/2-1/2"]
[WhiteElo "1870"]
[BlackElo "1936"]
[PlyCount "105"]
[EventDate "1999.06.19"]

1. d4 Nf6 2. Nf3 g6 3. c4 Bg7 4. Nc3 O-O 5. g3 d6 6. Bg2 Nbd7 7. O-O e5 8. e4
c6 9. h3 Qb6 10. Re1 exd4 11. Nxd4 Ne8 12. Be3 Qxb2 13. Na4 Qb4 14. Rb1 Qa5 15.
Bd2 Qd8 16. Bc3 Nc7 17. Ba5 Ne5 18. Qb3 b6 19. f4 bxa5 20. fxe5 Qe8 21. Nxc6
Qxc6 22. exd6 Qxd6 23. e5 Qd4+ 24. Kh2 Be6 25. Bxa8 Nxa8 26. Qc2 Qxc4 27. Qxc4
Bxc4 28. Rb7 Nb6 29. Nxb6 axb6 30. Rxb6 Bxa2 31. Ra1 Be6 32. Rxa5 Rd8 33. Rb2
h5 34. Re2 Rd5 35. Rxd5 Bxd5 36. Rb2 Kf8 37. Rb5 Be6 38. Kg2 Ke7 39. h4 Bg4 40.
Kf2 Ke6 41. Rb7 Bxe5 42. Kg2 f6 43. Rg7 Kf5 44. Rg8 Be2 45. Ra8 Bd3 46. Ra5
Be4+ 47. Kf2 Kg4 48. Ra3 g5 49. hxg5 fxg5 50. Rb3 h4 51. gxh4 gxh4 52. Rb4 Kf5
53. Rxe4 1/2-1/2

[Event "Michigan Senior"]
[Site "Ann Arbor, MI"]
[Date "1999.06.19"]
[Round "1"]
[White "Brown, Ralph"]
[Black "Mandell, Ed"]
[Result "1-0"]
[WhiteElo "1615"]
[BlackElo "1074"]
[PlyCount "73"]
[EventDate "1999.06.19"]

1. d4 Nf6 2. c4 d5 3. Nc3 Bf5 4. Nf3 e6 5. Ne5 Nbd7 6. Bg5 Bb4 7. Qa4 Bxc3+ 8.
bxc3 h6 9. Bxf6 gxf6 10. Nxd7 Qxd7 11. Qxd7+ Kxd7 12. cxd5 Kd6 13. dxe6 fxe6
14. f3 c6 15. e4 Bg6 16. Rb1 b5 17. c4 Rhd8 18. cxb5 cxb5 19. Bxb5 Rab8 20. O-O
Ke7 21. Rfd1 a6 22. Bxa6 Rxb1 23. Rxb1 Rxd4 24. Rb7+ Kd6 25. Rb2 Ke5 26. Bb7
Kf4 27. Kf2 f5 28. g3+ Kg5 29. f4+ Kg4 30. e5 h5 31. Kg2 Rxf4 32. h3+ Kg5 33.
gxf4+ Kxf4 34. Re2 h4 35. a4 Bh5 36. Re1 Kg5 37. a5 1-0

[Event "Michigan Senior"]
[Site "Ann Arbor, MI"]
[Date "1999.06.20"]
[Round "3"]
[White "Vasos, John"]
[Black "LaForge, Tom"]
[Result "0-1"]
[WhiteElo "1048"]
[BlackElo "1981"]
[PlyCount "64"]
[EventDate "1999.06.19"]

1. e4 c6 2. d4 d5 3. Bd3 dxe4 4. Bxe4 Nf6 5. Qd3 Nxe4 6. Qxe4 Nd7 7. Bg5 Qa5+
8. Nc3 Qxg5 9. Nh3 Qg6 10. O-O-O Qxe4 11. Nxe4 Nf6 12. Rhe1 Nxe4 13. Rxe4 Bxh3
14. gxh3 O-O-O 15. c4 e6 16. c5 Be7 17. h4 Rd5 18. Kc2 Rhd8 19. Kc3 Rxc5+ 20.
Kb3 Bf6 21. Kb4 Rcd5 22. Kc4 b5+ 23. Kc3 c5 24. Kc2 Rxd4 25. Rexd4 Rxd4 26.
Rxd4 Bxd4 27. f3 Kd7 28. b3 Kd6 29. Kd3 Ke5 30. a4 a6 31. b4 bxa4 32. bxc5 Bxc5
0-1

[Event "Michigan Junior Invitational"]
[Site "Ann Arbor, MI"]
[Date "1999.06.20"]
[Round "5.3"]
[White "Vasos, Brandon"]
[Black "Solon, Nathan"]
[Result "0-1"]
[WhiteElo "1044"]
[BlackElo "2035"]
[PlyCount "52"]
[EventDate "1999.06.19"]

1. g4 d5 2. h3 e5 3. d3 Bd6 4. Bg2 c6 5. Nf3 Be6 6. Bg5 Qb6 7. Qc1 h5 8. gxh5
Nd7 9. O-O Rxh5 10. Be3 d4 11. Bd2 Bxh3 12. c3 O-O-O 13. Qe1 Qxb2 14. Na3 Qxa3
15. cxd4 exd4 16. Bxh3 Rxh3 17. Ng5 Rh5 18. Nxf7 Rf8 19. Ng5 Qc5 20. Ne6 Qd5
21. f3 Qxe6 22. Qf2 Rf6 23. Be1 Rg6+ 24. Qg3 Bxg3 25. Bxg3 Qh3 26. Kf2 Qxg3#
0-1

[Event "Michigan Senior"]
[Site "Ann Arbor, MI"]
[Date "1999.06.20"]
[Round "4"]
[White "Vandivier, Don"]
[Black "Schell, Ken"]
[Result "1-0"]
[WhiteElo "1927"]
[BlackElo "1666"]
[PlyCount "75"]
[EventDate "1999.06.19"]

1. e4 d5 2. exd5 Nf6 3. Bb5+ Bd7 4. Bxd7+ Qxd7 5. c4 c6 6. dxc6 Nxc6 7. Nf3 e5
8. O-O O-O-O 9. Nc3 Bc5 10. a3 h6 11. b4 Bd4 12. Qa4 Kb8 13. b5 Ne7 14. c5 e4
15. Nxd4 Qxd4 16. Qb4 Qd3 17. c6 Ned5 18. Nxd5 Nxd5 19. Qa5 Nb6 20. Bb2 f6 21.
c7+ Kxc7 22. Qxa7 Qxb5 23. Rfc1+ Nc4 24. Rxc4+ Qxc4 25. Rc1 Qxc1+ 26. Bxc1 Rd6
27. Bb2 Rhd8 28. Bc3 Ra6 29. Qc5+ Rc6 30. Qa5+ b6 31. Qa7+ Kc8 32. g4 Rd7 33.
Qa8+ Kc7 34. Qe8 Rc4 35. Qe6 Ra4 36. Qb3 Ra7 37. Qc4+ Kd8 38. Bb4 1-0

[Event "Michigan Senior"]
[Site "Ann Arbor, MI"]
[Date "1999.06.20"]
[Round "4"]
[White "Steen, Harold"]
[Black "Moyle, Jim"]
[Result "1-0"]
[WhiteElo "1710"]
[BlackElo "1336"]
[PlyCount "65"]
[EventDate "1999.06.19"]

1. e4 e5 2. Nf3 Nc6 3. d3 h6 4. g3 d5 5. Nbd2 d4 6. Bg2 Be6 7. O-O Qd7 8. Re1
Nf6 9. Nf1 Bb4 10. Bd2 Be7 11. a3 g5 12. h4 gxh4 13. Nxh4 Bh3 14. Nf3 O-O-O 15.
b4 Nb8 16. Nxe5 Qe6 17. Nxf7 Bxg2 18. Kxg2 Qxf7 19. e5 Qe6 20. exf6 Qxf6 21.
Qg4+ Nd7 22. Re6 Rdg8 23. Qe4 Qf8 24. Rxe7 Qf6 25. Re6 Qf8 26. Qxd4 h5 27. Rae1
Qf7 28. Re7 Qf5 29. Qxh8 Qd5+ 30. Kg1 Nf6 31. Qxf6 b6 32. Qe6+ Kb7 33. Qxd5+
1-0

[Event "Michigan Senior"]
[Site "Ann Arbor, MI"]
[Date "1999.06.20"]
[Round "3"]
[White "Serwatowski, Felix"]
[Black "Imai, Toshio"]
[Result "1/2-1/2"]
[WhiteElo "1400"]
[BlackElo "1519"]
[PlyCount "60"]
[EventDate "1999.06.19"]

1. Nf3 Nf6 2. d4 c5 3. e3 cxd4 4. exd4 Nc6 5. Nc3 d5 6. h3 Bf5 7. Bd3 Bg6 8. a3
e6 9. Bb5 a6 10. Bxc6+ bxc6 11. Be3 a5 12. Na4 Be7 13. Ne5 Qc7 14. Qc1 Nd7 15.
Bf4 Bd6 16. Nd3 Bxd3 17. Bxd6 Qxd6 18. cxd3 O-O 19. O-O Rac8 20. Qd2 c5 21. Nc3
cxd4 22. Nb5 Qb6 23. a4 e5 24. Rfe1 Rfe8 25. Rac1 f6 26. Qd1 Rxc1 27. Qxc1 Nc5
28. Qd1 Rc8 29. Qf3 Rd8 30. Qd1 Nb7 1/2-1/2

[Event "Michigan Senior"]
[Site "Ann Arbor, MI"]
[Date "1999.06.20"]
[Round "4"]
[White "Schey, Danny"]
[Black "Vasos, John"]
[Result "1-0"]
[WhiteElo "1694"]
[BlackElo "1048"]
[PlyCount "46"]
[EventDate "1999.06.19"]

1. e4 e5 2. Nf3 Nc6 3. Bb5 d6 4. d4 Bd7 5. Nc3 Nf6 6. Bg5 Be7 7. O-O O-O 8. Re1
Bg4 9. Bxc6 bxc6 10. Qd3 Bxf3 11. Qxf3 exd4 12. Ne2 c5 13. Ng3 Rb8 14. b3 h6
15. Bc1 Nd7 16. Nf5 Bf6 17. Qg3 Kh8 18. Bf4 Ne5 19. Bxe5 dxe5 20. Rad1 Qe8 21.
Rd3 Rg8 22. Qh3 Qd8 23. Nxh6 Bh4 1-0

[Event "Michigan Senior"]
[Site "Ann Arbor, MI"]
[Date "1999.06.20"]
[Round "3"]
[White "Schell, Ken"]
[Black "Saylor, Oliver"]
[Result "1-0"]
[WhiteElo "1666"]
[BlackElo "1341"]
[PlyCount "79"]
[EventDate "1999.06.19"]

1. e4 e5 2. Nf3 Nc6 3. Bb5 a6 4. Ba4 Nf6 5. O-O Bd6 6. d3 b5 7. Bb3 Na5 8. Bg5
Nxb3 9. axb3 h6 10. Bh4 Qe7 11. Nc3 Qe6 12. Nxb5 O-O 13. Nxd6 Qxd6 14. Qd2 Nh5
15. Qc3 Re8 16. Rfe1 c5 17. Ra5 Nf4 18. Qxc5 Qxc5 19. Rxc5 d6 20. Ra5 Bg4 21.
Bg3 Bxf3 22. gxf3 Nh3+ 23. Kg2 Ng5 24. Rea1 Ne6 25. Rxa6 Rxa6 26. Rxa6 Rd8 27.
Rc6 Nd4 28. Rc4 Kf8 29. f4 f6 30. fxe5 fxe5 31. f4 exf4 32. Rxd4 fxg3 33. hxg3
Ke7 34. Ra4 d5 35. exd5 Rxd5 36. Ra7+ Kf6 37. Rc7 Re5 38. b4 Rg5 39. Rc5 Rg6
40. Rc6+ 1-0

[Event "Michigan Senior"]
[Site "Ann Arbor, MI"]
[Date "1999.06.20"]
[Round "4"]
[White "Saylor, Oliver"]
[Black "Moore, Robert"]
[Result "1/2-1/2"]
[WhiteElo "1341"]
[BlackElo "1600"]
[PlyCount "89"]
[EventDate "1999.06.19"]

1. e4 e5 2. Nf3 Nc6 3. Bc4 Bc5 4. Nc3 Nf6 5. d3 d6 6. Bg5 O-O 7. Nd5 Kh8 8. Qd2
Be6 9. Bxf6 gxf6 10. Qh6 Bxd5 11. Bxd5 Nb4 12. Bb3 c6 13. Nh4 d5 14. Nf5 Rg8
15. a3 Rg6 16. Qh5 Na6 17. Nh6 Qd7 18. c3 Bf8 19. Nf5 Nc5 20. Bc2 Ne6 21. g3
Ng7 22. Nxg7 Rxg7 23. O-O Qg4 24. Qxg4 Rxg4 25. Rae1 Rd8 26. f3 Rg5 27. f4 exf4
28. Rxf4 dxe4 29. Rfxe4 Kg7 30. d4 Rb5 31. b4 Rbd5 32. Re8 Rxe8 33. Rxe8 a5 34.
Rb8 axb4 35. axb4 Rd7 36. Re8 Re7 37. Rxe7 Bxe7 38. Kf2 b6 39. Ke3 c5 40. b5
cxd4+ 41. Kxd4 h6 42. Kd5 Kf8 43. Kc6 Bc5 44. Kd5 Ke7 45. Ke4 1/2-1/2

[Event "Michigan Senior"]
[Site "Ann Arbor, MI"]
[Date "1999.06.20"]
[Round "3"]
[White "Santiago, Reynaldo"]
[Black "Kahn, Doug"]
[Result "1-0"]
[WhiteElo "2000"]
[BlackElo "1800"]
[PlyCount "77"]
[EventDate "1999.06.19"]

1. e4 c5 2. Nf3 d6 3. Nc3 Nc6 4. g3 Bg4 5. h3 Bd7 6. Bg2 g6 7. O-O Bg7 8. d3
Qc8 9. Kh2 Nf6 10. Be3 h5 11. Nh4 Nh7 12. f4 Bd4 13. Bd2 Bf6 14. Nf3 Nf8 15.
Rb1 Ne6 16. Nd5 Bg7 17. c3 Nc7 18. Qe2 e6 19. Ne3 e5 20. Nc4 Ke7 21. Nh4 b5 22.
Ne3 exf4 23. gxf4 Rb8 24. Nd5+ Kd8 25. f5 Be5+ 26. Kh1 Nxd5 27. exd5 Ne7 28.
fxg6 Nxg6 29. Bg5+ Kc7 30. Rxf7 Nxh4 31. Bxh4 Kb6 32. Qe3 Bf5 33. Rf1 Bg6 34.
d4 Bxf7 35. Rxf7 Qg8 36. Re7 cxd4 37. cxd4 Bg7 38. Qa3 a6 39. Qxd6+ 1-0

[Event "Michigan Senior"]
[Site "Ann Arbor, MI"]
[Date "1999.06.20"]
[Round "3"]
[White "Richter, William"]
[Black "Crysler, Jerry"]
[Result "1/2-1/2"]
[WhiteElo "1561"]
[BlackElo "1343"]
[PlyCount "75"]
[EventDate "1999.06.19"]

1. d4 g6 2. e4 Bg7 3. Nc3 c5 4. Be3 Qa5 5. Nge2 Nf6 6. Qd2 cxd4 7. Nxd4 Ng4 8.
f4 Nxe3 9. Qxe3 Qb4 10. O-O-O Na6 11. e5 Nc7 12. Ndb5 Ne6 13. g3 a6 14. Nd5 Qa5
15. Nbc3 b5 16. Qb6 Qxb6 17. Nxb6 Rb8 18. Nxc8 Rxc8 19. Bg2 O-O 20. Rxd7 Rc5
21. Rxe7 b4 22. Na4 Ra5 23. b3 Rc8 24. Rd1 Nc5 25. Bd5 Nxa4 26. bxa4 Rac5 27.
Bb3 Bf8 28. Rxf7 Rxc2+ 29. Bxc2 Kxf7 30. Rd7+ Be7 31. Kb2 a5 32. Bb3+ Ke8 33.
e6 Rd8 34. Rxd8+ Bxd8 35. g4 h6 36. f5 g5 37. Kc2 Ke7 38. Kd3 1/2-1/2

[Event "Michigan Senior"]
[Site "Ann Arbor, MI"]
[Date "1999.06.20"]
[Round "4"]
[White "Poniatowski, Don"]
[Black "Kilburn, Gregory"]
[Result "0-1"]
[WhiteElo "1283"]
[BlackElo "1049"]
[PlyCount "68"]
[EventDate "1999.06.19"]

1. e4 e6 2. d4 d5 3. Nd2 dxe4 4. Nxe4 Be7 5. Nf3 Nf6 6. Bd3 c5 7. c3 cxd4 8.
cxd4 O-O 9. O-O h6 10. Re1 b6 11. Nxf6+ Bxf6 12. Be3 Bb7 13. Ne5 Bxe5 14. dxe5
Qd5 15. f3 Qxe5 16. Bd4 Qxd4+ 17. Kh1 f5 18. Rxe6 Rf6 19. Re8+ Kf7 20. Qe2 Nc6
21. Bc4+ Kg6 22. Rd1 Qxd1+ 23. Qxd1 Rxe8 24. h4 Ne5 25. Qe1 Be4 26. fxe4 Nxc4
27. exf5+ Kf7 28. Qc3 Nd6 29. g4 Ne4 30. Qc4+ Kf8 31. Kg2 Nd6 32. Qc2 h5 33.
gxh5 Nxf5 34. Qd2 Nxh4+ $138 0-1

[Event "Michigan Senior"]
[Site "Ann Arbor, MI"]
[Date "1999.06.20"]
[Round "3"]
[White "Moyle, Jim"]
[Black "Carr, Jay"]
[Result "0-1"]
[WhiteElo "1336"]
[BlackElo "1600"]
[PlyCount "44"]
[EventDate "1999.06.19"]

1. e4 c5 2. Nf3 Nf6 3. Bc4 d5 4. exd5 Nxd5 5. Ne5 e6 6. Qf3 Qf6 7. Ng4 Qxf3 8.
gxf3 Bd7 9. Na3 a6 10. O-O Nc6 11. c3 h5 12. Ne3 Nf4 13. Re1 Ne5 14. Kf1 Nxf3
15. Rd1 Bd6 16. Ng2 Nxh2+ 17. Ke1 Nxg2+ 18. Ke2 Nf4+ 19. Ke3 Ng4+ 20. Kf3 Bc6+
21. Kg3 f5 22. Rh1 Bxh1 0-1

[Event "Michigan Senior"]
[Site "Ann Arbor, MI"]
[Date "1999.06.20"]
[Round "3"]
[White "Moore, Robert"]
[Black "Sheridan, Gregory"]
[Result "0-1"]
[WhiteElo "1600"]
[BlackElo "1882"]
[PlyCount "68"]
[EventDate "1999.06.19"]

1. e4 d6 2. d4 Nf6 3. Nc3 g6 4. Be2 Bg7 5. Be3 O-O 6. Qd2 Re8 7. O-O-O Ng4 8.
Bxg4 Bxg4 9. f3 Bd7 10. h4 h5 11. Nh3 c5 12. dxc5 Qa5 13. Bd4 Bxd4 14. Qxd4 Nc6
15. Qa4 Qxc5 16. Nd5 Rac8 17. Qa3 Qxa3 18. bxa3 Ne5 19. Nhf4 Ba4 20. Ne3 Nc4
21. Nxc4 Rxc4 22. Rd2 Rec8 23. g3 Rxc2+ 24. Rxc2 Rxc2+ 25. Kb1 Rf2 26. Nd5 Rxf3
27. Nxe7+ Kf8 28. Nc8 Rxg3 29. Nxd6 Bc6 30. Rf1 Ke7 31. e5 Bd5 32. Rc1 Rh3 33.
Nc8+ Ke6 34. Rc2 Be4 0-1